El Derecho moderno (Record no. 185203)

MARC details
000 -LEADER
campo de control de longitud fija 01040nas a2200265 i 4500
001 - NÚMERO DE CONTROL
campo de control 185203
003 - IDENTIFICADOR DE NÚMERO DE CONTROL
campo de control ES-MaACL
005 - FECHA Y HORA DE LA ÚLTIMA TRANSACCIÓN
campo de control 20250809020504.0
008 - DATOS DE LONGITUD FIJA--INFORMACIÓN GENERAL
campo de control de longitud fija 160407d18471852sp | | ||pa d
100 1# - ENTRADA PRINCIPAL--NOMBRE DE PERSONA
Nombre de persona Cárdenas, Francisco de,
Fechas asociadas al nombre 1816-1898
9 (RLIN) 35138
245 13 - MENCIÓN DEL TÍTULO
Título El Derecho moderno
Resto del título : revista de jurisprudencia y administración /
Mención de responsabilidad, etc. por D. Francisco de Cárdenas.
260 ## - PUBLICACIÓN, DISTRIBUCIÓN, ETC.
Lugar de publicación, distribución, etc. Madrid :
Nombre del editor, distribuidor, etc. Estab. Tip. de Ramón Rodríguez de Rivera,
Fecha de publicación, distribución, etc. [1847-1852]
300 ## - DESCRIPCIÓN FÍSICA
Extensión 1 v. (352 p.) ;
Dimensiones 22 cm.
310 ## - PERIODICIDAD ACTUAL
Periodicidad actual 2 n. al año
362 0# - FECHAS DE PUBLICACIÓN Y/O DESIGNACIÓN SECUENCIAL
Fecha de publicación y/o designación secuencial [T. 1-t. 12]
505 8# - NOTA DE CONTENIDO CON FORMATO
Nota de contenido con formato Contiene el texto del proyecto de Código civil de 1851
530 ## - NOTA DISPONIBLE DE FORMULARIO FÍSICO ADICIONAL
Nota de formato físico adicional disponible Disponible en formato digital.
650 #7 - PUNTO DE ACCESO ADICIONAL DE MATERIA--TÉRMINO DE MATERIA
Término de materia o nombre geográfico como elemento de entrada Derecho-
Subdivisión geográfica España
Fuente del encabezamiento o término
9 (RLIN) 141531
650 #4 - PUNTO DE ACCESO ADICIONAL DE MATERIA--TÉRMINO DE MATERIA
Término de materia o nombre geográfico como elemento de entrada Jurisprudencia-
Subdivisión geográfica España.
9 (RLIN) 152002
650 ## - PUNTO DE ACCESO ADICIONAL DE MATERIA--TÉRMINO DE MATERIA
Término de materia o nombre geográfico como elemento de entrada Código civil-
Subdivisión geográfica España.
9 (RLIN) 135863
852 ## - LOCALIZACIÓN
Ubicación ES-MaACL
Número de control de estantería F-14292
856 ## - LOCALIZACIÓN Y ACCESO ELECTRÓNICOS
Identificador Uniforme de Recursos <a href="http://www.bibliotecavirtualdeandalucia.es/catalogo/consulta/registro.cmd?id=1016057">http://www.bibliotecavirtualdeandalucia.es/catalogo/consulta/registro.cmd?id=1016057</a>
Nota pública Biblioteca Virtual de Andalucia
866 #0 - MENCIÓN TEXTUAL DE FONDOS--UNIDAD BIBLIOGRÁFICA BÁSICA
Fondos 1851 (t. 10).
Holdings
Estatus retirado Estado de pérdida Estado de daño No para préstamo Colección Biblioteca de origen Biblioteca actual Ubicación en estantería Fecha de adquisición Fuente de adquisición Total de préstamos Signatura topográfica completa Código de barras Visto por última vez Precio de reemplazo Tipo de ítem Koha
        Colección digital Biblioteca del Ateneo de Madrid Biblioteca del Ateneo de Madrid Sala Pecera Planta 2 07/04/2016     F-14292 1195089 23/02/2023 23/02/2023 Revista